000 00550nam a22001817a 4500
003 OSt
005 20250819060119.0
008 250819b |||||||| |||| 00| 0 eng d
020 _a0-375-41209-3.
040 _aDWC-Main Lib.
_cOC
100 _aPEPIN, JACQUES
245 _aJacques Pepin celebrates
_cPEPIN, JACQUES
260 _aNew York :
_bKnopf, Borzio Books,
_cc2001.
300 _axvi, 458 pages :
_bcolor illustrations ;
_c25cm.
504 _aIncludes index.
650 _a1. Cooking. 2. Entertaining
942 _2ddc
_cBK-CIRC
_hCirc.
_n0
999 _c4071
_d4071